| 000 | 01680nam0a22003731 4500 | ||
|---|---|---|---|
| 001 | v19\rc\1784647 | ||
| 005 | 20260405220023.0 | ||
| 035 | _a(NLR Aleph) 004877757 | ||
| 090 |
_a5143945 _c5143945 |
||
| 100 | _a20061204d1904 |||y0rusy50 ca | ||
| 101 | 0 | _arus | |
| 102 | _aRU | ||
| 105 | _aa z |||a| | ||
| 200 | 1 |
_aЛиса Патрикеевна _eРассказ А.М. Сливицкого _fС рис. И.С. Панова, грав. на дереве В.Ф. Адтом и М.Н. Рашевским в С.-Петербурге и Б.Э. Брауне в Лейпциге |
|
| 205 | _a5-е изд. | ||
| 210 |
_aМосква _cскл. кн. у А.М. Сливицкого _d1904 |
||
| 215 |
_a39 с. _cил. _d27 |
||
| 300 | _aПеред загл.: "Рассказ для детей младшего возраста, удостоенный премии С.-Петерб. Фребелевск. о-ва" | ||
| 309 | _aДва тит. л. | ||
| 532 | 1 | 3 | _aЛиса Патрикеевна |
| 700 | 1 |
_aСливицкий _bА.М. _f1850-1913 _gАлексей Михайлович |
|
| 702 | 1 |
_aПанов _bИ.С. _f1845 или 1844-1883 _gИван Степанович _4440 |
|
| 702 | 1 |
_4350 _8rus _7ca _aАдт _bВ. Ф. _cгравер _f19 в. _gВольдемар Францевич _3RU\NLR\AUTH\7798458 _981384 |
|
| 702 | 1 |
_aРашевский _bМ.Н. _gМихаил Николаевич _4440 |
|
| 702 | 1 |
_aБрауне _bБ.Э. _4440 |
|
| 801 | 0 |
_aRU _bNLR _gpsbo |
|
| 801 | 0 |
_aRU _bRuMoRGB _2psbo |
|
| 801 | 1 |
_aRU _bProSoft-M _2rusmarc |
|
| 852 |
_aNLR _j34.48.3.931 |
||
| 899 |
_aRuMoRGB _jJ 75/181 |
||
| 899 |
_aRuMoRGB _jJ 107/44 |
||
| 942 | _cBOOK | ||
| 980 | _aNB | ||